000 02144nam a2200325Ia 4500
999 _c34699
_d34699
001 485
003 GE_BSU
005 20241121154146.0
008 181216s2010||||ge |||||||||||||| ||geo||
020 _a9789941409561
040 _cGE_BSU
041 _ageo
080 _a338.2(075.8)+339.1(075.8)+65.01(075.8) ტ-58
100 _aტომპსონი, არტურ ა.
_92370
245 _aსტრატეგიული მენეჯმენტი = Strategic management :
_bკონცეფციები და ბიზნესსიტუაციები /
_cარტურ ა. ტომპსონი-უმც., ა.ჯ. სტრიკლენდი III ; მთ. რედ. და პროექტის ხელმძღვ. როსტომ ბერიძე ; ინგლ. თარგმნეს: ხათუნა ჩხარტიშვილი და სხვ. ; ინგლ. ტექტის რედ. ხათუნა ბერიძე.
250 _aმე-13 გამოცემა
264 _aბათუმი :
_bშოთა რუსთაველის უნ-ტის გამ-ბა,
_c2010.
300 _a923 გვ.
_bცხრ., ნახ. ;
_c24 სმ.
653 _aსტრატეგიული მენეჯმენტი
653 _aმენეჯმენტი
700 _aსტრიკლენდი, ა.ჯ.
_eავტორი
_92371
700 _aბერიძე, როსტომ
_eრედაქტორი
_91686
700 _aბერიძე, ხათუნა
_eრედაქტორი
_92372
700 _aჩხარტიშვილი, ხათუნა
_eმთარგმნელი
_92373
700 _aხახუბია, ნინო
_eმთარგმნელი
_92374
700 _aტუღუში, ნათია
_eმთარგმნელი
_92375
700 _aფუტკარაძე, ნოდარ
_eმთარგმნელი
_92376
700 _aდევაძე, ნინო და სხვ.
_eმთარგმნელი
_92377
942 _cBK
_2udc